MDQL
is popping MORE tags! Check the
thread
!
Quizzes
Events
Quiz Creation
Community
Videos
Private Events
Remove Ads
Sign In
Join for FREE
Feedback
Dark Mode
Quiz Categories
Sports
Geography
Music
Movies
Television
Just For Fun
Miscellaneous
History
Literature
Language
Science
Gaming
Entertainment
Religion
Holiday
For Kids
Quiz Lab
Recent
Popular Today
Quiz Kudos Today
Editor Picks
Curator Picks
Quizzes by...
Day
Popularity
Type
Ratings
Length
Year
Community
Subscriptions
Recent Discussions
Orange Saloon
Badges
Playlists
Quests
Create
Leaderboards
Showdown
Live 5
Trivia Bingo
Activity
Puzzle Library
Sporcle Events
Private Events
Virtual Trivia
Globe League
Become a Host
Pub Owners
SporcleCon
Opinionation
Our Games
Videos
Blog
Mobile Apps
Partnerships
Remove Ads and Go Orange
Feedback
Music
Pop Music
The Beatles
Song
Album
Lyrics
Bands
Singers
Artist
Clip
Rock
Rap
Classical
Billboard
Country Music
Kpop
Taylor Swift
Music
Pop Music
The Beatles
Song
Album
Lyrics
Bands
Singers
Artist
Clip
Rock
Rap
Classical
Billboard
Country Music
Kpop
Taylor Swift
Random Quiz
Search Sporcle
×
Quiz Lab
Quiz Lab
Music
Lyrics
Type in answers that appear in a list
Type in answers that appear in a list
Classic
Best Score? Go Orange.
Drake HYFR Lyrics Stats
Can you name the Drake HYFR Lyrics
By
boatlander_32
10m
293 Questions
2,489 Plays
2,489 Plays
2,489 Plays
Comments
Comments
Give Quiz Kudos
Give Quiz Kudos
-
- Ratings
hide this ad
More Info
Replay
Link that replays current quiz
Next Quiz
Link to next quiz in quiz playlist
You Got
0%
They Got
Avg Score
77%
Avg Friend Score
Upgrade to see
Score Distribution
Jump to the score distribution portion of the page
Score
0/293
Timer
10:00
0
Plays Today
Lyrics
% Correct
i
98.3%
i
98.3%
i
98.3%
i
98.3%
i
98.3%
i
98.3%
i
98.3%
i
98.3%
i
98.3%
i
98.3%
i
98.3%
i
98.3%
a
97.7%
in
94.3%
in
94.3%
****
94.1%
****
94.1%
hell
93.3%
hell
93.3%
hell
93.3%
hell
93.3%
hell
93.3%
hell
93.3%
hell
93.3%
all
93.2%
all
93.2%
the
93.1%
the
93.1%
the
93.1%
the
93.1%
the
93.1%
my
92.9%
my
92.9%
like
91.5%
like
91.5%
like
91.5%
is
91.4%
is
91.4%
is
91.4%
is
91.4%
is
91.4%
to
91.3%
to
91.3%
to
91.3%
to
91.3%
to
91.3%
to
91.3%
to
91.3%
to
91.3%
to
91.3%
right
91%
right
91%
right
91%
right
91%
right
91%
right
91%
live
90.6%
live
90.6%
im
90.5%
im
90.5%
im
90.5%
exes
89.8%
texas
89.7%
go
89.5%
go
89.5%
me
89.2%
me
89.2%
me
89.2%
me
89.2%
me
89.2%
she
89.1%
she
89.1%
and
89.1%
she
89.1%
she
89.1%
and
89.1%
and
89.1%
and
89.1%
and
89.1%
she
89.1%
and
89.1%
she
89.1%
and
89.1%
and
89.1%
and
89.1%
and
89.1%
she
89.1%
and
89.1%
and
89.1%
and
89.1%
that
88.5%
that
88.5%
****
88.5%
so
88.4%
it
88.1%
it
88.1%
it
88.1%
it
88.1%
Lyrics
% Correct
it
88.1%
it
88.1%
it
88.1%
it
88.1%
it
88.1%
we
87.7%
we
87.7%
we
87.7%
we
87.7%
we
87.7%
we
87.7%
George
87.6%
where
86.2%
or
86%
or
86%
State
85.6%
Atlanta
85.5%
random
85.4%
Georgia
85.4%
some
85.4%
do
85.4%
do
85.4%
by
85.3%
they
84.9%
when
84.8%
when
84.8%
when
84.8%
****
84.2%
****
84.2%
only
83.9%
only
83.9%
tuition
83.7%
yeah
83.5%
yeah
83.5%
yeah
83.5%
yeah
83.5%
yeah
83.5%
yeah
83.5%
obligated
82.9%
handled
82.9%
love
82.8%
love
82.8%
her
82.7%
her
82.7%
her
82.7%
her
82.7%
her
82.7%
her
82.7%
no
82.3%
see
82.3%
for
81.4%
for
81.4%
for
81.4%
get
81.3%
get
81.3%
you
80.7%
you
80.7%
you
80.7%
you
80.7%
you
80.7%
you
80.7%
you
80.7%
you
80.7%
you
80.7%
sushi
80%
with
79.3%
with
79.3%
with
79.3%
with
79.3%
with
79.3%
told
79.1%
told
79.1%
told
79.1%
told
79.1%
told
79.1%
feels
78.8%
took
78.3%
took
78.3%
them
77.2%
time
77%
time
77%
wanted
76.5%
up
76.1%
up
76.1%
up
76.1%
even
76%
getting
76%
even
76%
getting
76%
girl
75.3%
girl
75.3%
****
74.3%
****
74.3%
Strait
73.6%
dated
73.4%
first
73.3%
what
73.3%
don't
72.9%
Lyrics
% Correct
text
72.8%
text
72.8%
text
72.8%
never
72.6%
never
72.6%
happy
72.5%
belated
72%
after
71.4%
after
71.4%
****
71.1%
****
71.1%
****
71.1%
are
70.8%
are
70.8%
are
70.8%
say
70.8%
say
70.8%
think
70.4%
think
70.4%
learned
70.4%
learned
70.4%
learned
70.4%
plate
70.3%
them
70.1%
admitted
69.8%
asked
69.6%
of
69.3%
have
68.7%
faded
68.6%
made
68.5%
was
68.4%
much
68.2%
high
68%
one
67.7%
angel
67.2%
now
67.1%
mixture
67.1%
hello
66.9%
richer
65.9%
make
65.8%
better
65.6%
negatives
64.9%
waited
64.8%
****
64.7%
enemies
64.2%
ever
64.1%
working
63.6%
true
63.4%
nervous
63.4%
single
63.2%
thats
63.1%
thats
63.1%
heard
63.1%
still
63%
talked
62.9%
though
62.9%
this
62.8%
pictures
62%
blew
61.8%
but
61%
damn
61%
money
60.5%
its
60.4%
its
60.4%
your
58.8%
just
58.7%
****
58%
since
57.3%
past
56.2%
questions
55%
room
53.8%
prayed
53.7%
fall
53.3%
dressing
52.7%
confusing
52.7%
revisit
52.4%
out
51.7%
been
47.7%
alright
47.6%
alright
47.6%
through
45.7%
call
44.6%
tell
43.8%
women
43.2%
texted
42%
Hennessey
42%
interviews
41.3%
confessions
41%
liquor
40.6%
involved
40.2%
theres
39.3%
theres
39.3%
theres
39.3%
could
39.1%
stories
38.6%
drop
38.5%
albums
37.5%
Quiz Playlist
Details
Report
Send in Message
Add To Playlist
More Info:
This quiz only goes through the end of the first chorus.
Classic:
Type in answers that appear in a list
Last Updated: Feb 16, 2017
Quiz Scoreboard
CHALLENGE
Sign Up to Join the Scoreboard
Show All
Scores
Hide
Comments
May contain spoilers
Recently Published
Two Season TV Shows II
by 123Four
Television
10m
Image Sorting: Flags VI
by Barbecue
Geography
2m
Find the 'City' Movie
by crazypaving
Movies
60s
More to Explore
Quiz From the Vault
Featured Blog Post
14 Easter Pick-up Lines to Find Eggs With
hide this ad
You Might Also Like...
Tags
Lyrics Quiz
Rap Quiz
Drake
Today's Top Quizzes in Music
Browse Music
hide this ad
Today's Top Quizzes in Lyrics
Browse Lyrics
Top Contributed Quizzes in Music
1
5X2 Blitz: Bands II
2
5X2 Blitz: The Beatles
3
Taylor Swift All Songs (2024)
4
5X2 Blitz: Billboard
5
5X2 Blitz: Billboard II
6
Music Artist by Three 2010s hits
7
5X2 Blitz: Album
8
5X2 Blitz: Rock
9
5X2 Blitz: Singers
10
5X2 Blitz: Lyrics
Explore More
Trending Topics
Kpop
Crossword
Marvel
Anime
Harry Potter
NBA
Disney
The Office
Puzzle
WWE
Pokémon
Song
Country
NFL
Soccer
hide this ad
More By:
boatlander_32
Quiz
Plays
Rating
Category
Featured
Created
Drake HYFR Lyrics
2,489
3.50
Music
Oct 20, 2013
Ed Sheeran 'Don't' Lyrics
1,009
2.67
Music
Dec 24, 2014
Ed Sheeran 'Don't' Lyrics 3rd Verse
565
2.75
Music
Dec 24, 2014
TV Main Characters
372
4.50
Television
Aug 23, 2012
Ed Sheeran 'Don't' Lyrics 2nd Verse
320
3.00
Music
Dec 24, 2014
Go to Creator's Profile
Score Distribution
Quiz Creator Spotlight
boatlander_32
Follow
Send a Message
Quizzes Created
-
Created Quiz Play Count
-
More By This Creator
Popular Quizzes Today
1
Find the US States - No Outlines Minefield
2
Colored Red Africa Blitz
3
Find the 'City' Movie
4
5x2 Blitz: Bands
5
The Countries of the World
6
Find the Countries of Europe - No Outlines Minefield
7
Find the US States
8
US States
More Music Quizzes
BTS DISCOGRAPHY
Quiz Lab
Trending Quizzes
Colored Red Europe Blitz I
Colored Red Africa Blitz II
Colored Red Europe Blitz II
Even More Two Season TV Shows
Colored Red Africa Blitz III
Recently Updated
March Madness Men's Triple Doubles
pecheneg
How Do You Spell That?
pecheneg
Godzilla Movies
pecheneg
Grab Bag: 4-10 Letters
pecheneg
2024 March Madness Bracket
pecheneg
Famous TV Couples
Peacemaker
Champions League XIs: Real Madrid
pecheneg
Largest US Cities 1790-2010
pecheneg
Rides in Walt Disney World
pecheneg
Most Oscar Losses (Acting)
pecheneg
Trending Topics
Disney
Crossword
Marvel
Harry Potter
Kpop
NBA
Anime
NFL
Soccer
Pokémon
Country
Puzzle
WWE
The Office
Song
Your Account Isn't Verified!
In order to create a playlist on Sporcle, you need to verify the email address you used during registration. Go to your
Sporcle Settings
to finish the process.
Report this User
Report this user for behavior that violates our
Community Guidelines
.
Details:
Send Report
Go to the Sporcle.com Mobile Site →
Comments